00623 2200277 4500001002100000005001700021006001900038008004100057020002200098035002500120041000700145082001000152090001600162100001700178245004400195250000600239260003600245990000800281990000800289990000800297990000800305990000800313990000800321990000800329990000800337INLIS00000000000079320140226102709.0a ||| | 180719| ||| | id  a978-979-662-248-1 a0010-031300000000793 aid0 a307.7 a307.7 HAR m0 aTri Haryanto00aMenuju Masyarakat Swadaya dan Swakelola a1 aYogyakartabCempaka putihc2007 a722 a721 a721 a722 a721 a722 a722 a721